Discutamos México : discusión pública : la prensa extranjera : los corresponsales en México /

Serie televisiva de opinión y debate producida en 2010 por el gobierno federal mexicano con motivo del Bicentenario del inicio de la Guerra de Independencia y el Centenario del comienzo de la Revolución Mexicana, cuyo objetivo –como apunta el título- es discutir México. El ejercicio de reflexión con...

Fuld beskrivelse

Guardado en:
Bibliografiske detaljer
Institution som forfatter: México. Comisión Organizadora de la Conmemoración del Bicentenario del Inicio del Movimiento de Independencia Nacional y del Centenario del Inicio de la Revolución Mexicana
Andre forfattere: Serrano Migallón, Fernando (coordinación) (coordinación), Tardán, Isabelle (producción) (producción), Fernández-Félix, Sibylla (producción ejecutiva) (producción ejecutiva), Corkidi, Pablo (producción) (producción), Cebada, Raymundo (realización) (realización), Hijuelos, Oscar (fotógrafo) (fotógrafo), Garci-Crespo, Nayeli (montaje) (montaje), Barreiro, Tomás (música) (música), Hidalgo, Daniel (música) (música), Villoro, Juan (conducción) (conducción), Ordaz, Pablo (conferencia) (conferencia), Torrea, Judith (conferencia) (conferencia), Vigna, Anne (conferencia) (conferencia), Gómez, Leopoldo (conducción) (conducción), Elizondo Mayer-Serra, Carlos (conferencia) (conferencia), Gómez Leyva, Ciro (conferencia) (conferencia), Heredia, Blanca (conferencia) (conferencia)
Format: Slide
Sprog:spansk
Udgivet: México : CONACULTA, 2010, c2010
México : CONACULTA [distribución], 2010, c2010
Serier:(Discutamos México. Temporada 2 ; 19)
Fag:
Tags: Tilføj Tag
Ingen Tags, Vær først til at tagge denne postø!

MARC

LEADER 00000ngm^a2200000^a^4500
001 000317521
005 20250521000000.0
009 20260310113344.753
037 |a Acervo ITESO - Biblioteca 
041 |a ESP 
082 |a 972.  |b MEX DIS S. 2 V. 10 T. 19 
110 |a México.  |b Comisión Organizadora de la Conmemoración del Bicentenario del Inicio del Movimiento de Independencia Nacional y del Centenario del Inicio de la Revolución Mexicana 
240 1 1 |a [Discutamos México: discusión pública] 
240 1 1 |a [Discutamos México] 
245 1 0 |a Discutamos México :  |b discusión pública : la prensa extranjera : los corresponsales en México /  |c Coord. general de F. Serrano Migallón ; conducción de J. Villoro. 
246 2 |a Título en la pantalla: Discutamos México: la prensa extranjera: los corresponsales en México 
246 2 |a Título en la pantalla: Discutamos México: cultura política 
264 4 |a México :  |b CONACULTA,  |c 2010, c2010 
264 4 |a México :  |b CONACULTA [distribución],  |c 2010, c2010 
300 |a 1 DVD sin dato de región  |c (47, 47 min.) 
336 |a imagen móvil bidimensional  |b tdi  |2 rdacontenido 
337 |a video  |b v  |2 rdamedio 
338 |a videodisco  |b vd  |2 rdasoporte 
440 1 |a (Discutamos México.  |p Temporada 2 ;  |v 19) 
520 |a Serie televisiva de opinión y debate producida en 2010 por el gobierno federal mexicano con motivo del Bicentenario del inicio de la Guerra de Independencia y el Centenario del comienzo de la Revolución Mexicana, cuyo objetivo –como apunta el título- es discutir México. El ejercicio de reflexión consta de 154 programas, numerados del 0 al 153, con la participación de 500 especialistas. La serie está organizada a partir de dos ejes: una vertiente en la que se recorre la historia de México desde la época prehispánica hasta 2010 y otra en la que son debatidos asuntos centrales de la agenda pública nacional, como la política, los derechos humanos o la educación, para dar forma a un total de 23 módulos histórico-temáticos. 
520 |a Esta presentación en DVD está dividida en diez cajas, que contienen un total de 20 discos –es decir, cada caja tiene dos discos- y estos a su vez reúnen los programas de la serie numerados del 39 al 79, correspondientes a los módulos del VIII al XIV. La caja 10 está formada por los discos 19 y 20. El disco número 19 contiene los siguientes dos programas: Programa número 75: La prensa extranjera: los corresponsales en México, moderado por el escritor Juan Villoro y con la participación del español Pablo Ordaz, corresponsal de El País, la española Judith Torrea, autora de Juárez en la sombra: crónicas de una ciudad que se resiste a morir (2011) y especialista en la cobertura de la frontera México-Estados Unidos, y la francesa Anne Vigna, colaboradora de Le Monde Diplomatique y coautora del libro Fábrica de culpables: Florence Cassez y otros casos de la injusticia mexicana (2010); Programa número 76: Cultura política, moderado por Leopoldo Gómez Rubio, politólogo y directivo y productor de Televisa, con la participación de los politólogos Carlos Elizondo Mayer-Serra y Blanca Heredia Rubio y del periodista Ciro Gómez Leyva. Ambos programas pertenecen al módulo número XIII, llamado Discusión Pública. 
520 |a Suplementos y características especiales: ninguna. 
649 |a XX 
650 |a Corresponsales en el Extranjero -  |z México -  |x Condiciones Laborales -  |x Tema Principal 
650 |a Programas de Opinión y Debate 
650 |a Series de Televisión 
650 |a Televisión -  |z México -  |y 2010-2019 
650 |a Televisión -  |z México -  |y Siglo XXI 
650 |a Televisión -  |z México -  |x Tema Principal 
650 |a Periodismo -  |z México 
650 |a Medios de Comunicación -  |z México 
650 |a Comunicación Masiva -  |z México 
650 |a Comunicación y Política -  |z México -  |x Historia 
650 |a Cultura Política -  |z México -  |x Tema Principal 
650 |a Política -  |z México -  |x Historia -  |y 2000-2006 
650 |a Política -  |z México -  |x Historia -  |y 2006-2012 
650 |a Política -  |z México -  |x Historia -  |y Siglo XXI 
650 |a México -  |x Condiciones Políticas 
650 |a México -  |x Historia -  |y Bicentenario de la Independencia, 2010 -  |x Tema Principal 
650 |a México -  |x Historia -  |y Centenario de la Revolución, 2010 -  |x Tema Principal 
740 0 |a Discutamos México :  |b discusión pública : cultura política /  |c Coord. general de F. Serrano Migallón ; conducción de L. Gómez. 
700 |a Serrano Migallón, Fernando  |e (coordinación) 
700 |a Tardán, Isabelle  |e (producción) 
700 |a Fernández-Félix, Sibylla  |e (producción ejecutiva) 
700 |a Corkidi, Pablo  |e (producción) 
700 |a Cebada, Raymundo  |e (realización) 
700 |a Hijuelos, Oscar  |e (fotógrafo) 
700 |a Garci-Crespo, Nayeli  |e (montaje) 
700 |a Barreiro, Tomás  |e (música) 
700 |a Hidalgo, Daniel  |e (música) 
700 |a Villoro, Juan  |e (conducción) 
700 |a Ordaz, Pablo  |e (conferencia) 
700 |a Torrea, Judith  |e (conferencia) 
700 |a Vigna, Anne  |e (conferencia) 
700 |a Gómez, Leopoldo  |e (conducción) 
700 |a Elizondo Mayer-Serra, Carlos  |e (conferencia) 
700 |a Gómez Leyva, Ciro  |e (conferencia) 
700 |a Heredia, Blanca  |e (conferencia) 
910 |a Fondo General 
920 |a Audiovisuales - DVDs 
905 |a 302 
901 |a 0500204259  |b IT2  |c DVS  |i C130479  |u 20250521 
902 |a https://opac.biblio.iteso.mx/vufind/Record/000317521